LEADER 00787nam0-2200313---450- 001 990005508790403321 005 20110531102054.0 035 $a000550879 035 $aFED01000550879 035 $a(Aleph)000550879FED01 035 $a000550879 100 $a19990604d1973----km-y0itay50------ba 101 1 $aita 102 $aIT 105 $ay-------001yy 200 1 $aKarl Marx$fErnst Bloch 205 $a2. ed. 210 $aBologna$cIl Mulino$d1973 215 $a219 p.$d23 cm 225 1 $aSaggi$v122 676 $a193 700 1$aBloch,$bErnst$f<1885-1977>$0127527 801 0$aIT$bUNINA$gREICAT$2UNIMARC 901 $aBK 912 $a990005508790403321 952 $aP.1 9D BLOCH 18$bBIBL. 48882$fFLFBC 959 $aFLFBC 996 $aKarl Marx$9609263 997 $aUNINA LEADER 01115nam--2200361---45-- 001 990000460360203316 010 $a1-57231-805-8 035 $a0046036 035 $aUSA010046036 035 $a(ALEPH)000046036USA01 035 $a0046036 100 $a20010522d2000----km-y0ITAy0103-------ba 101 0 $aENG 102 $aUS 200 1 $aMicrosoft Windows 2000 server internetworking guide$fMicrosoft Corporation (ed.) 210 $aWashington$cMicrosoft Press$dcopyr. 2000 215 $aXXXI, 1016 p.$cill.$d25 cm 410 $12001 610 1 $aSistema operativo Windows 610 1 $aProgramma Microsoft Windows 2000 676 $a005.44 702 1$aMicrosoft Corporation 801 0$aITA$bCBS$gISBD 912 $a990000460360203316 951 $a005.44 MIC$b0026398 CBS$c005.44$d00104828 959 $aBK 969 $aSCI 979 $aALANDI$b90$c20010522$lUSA01$h0943 979 $aALANDI$b90$c20010614$lUSA01$h1639 979 $c20020403$lUSA01$h1654 979 $aPATRY$b90$c20040406$lUSA01$h1632 996 $aMicrosoft Windows 2000 server internetworking guide$9889241 997 $aUNISA LEADER 02475nas0-2200565---450 001 990000811140203316 005 20240215110628.0 011 $a1120-0413 035 $a0081114 035 $aUSA010081114 035 $a(ALEPH)000081114USA01 035 $a0081114 100 $a20011220a19899999|||||ita|01 ba 101 $aita 102 $aIT 110 $aajaz||||||| 200 1 $aAltreitalie$erassegna internazionale di studi sulle popolazioni di origine italiana nel mondo$fFondazione Giovanni Agnelli 207 0$aA. 1, n. 1 (apr. 1989)- 210 $aTorino$cFondazione Giovanni Agnelli$d[1989]- 215 $avolumi$d22 cm 300 $aNumerazione dei fascicoli progressiva nelle annate 300 $aTit. della cop. 326 $aSemestrale 532 1 $aAltre Italie 606 $aItaliani all'estero$xPeriodici 676 $a304.80945 712 02$aFondazione Giovanni Agnelli 801 0$aIT$bsalbc$gISBD 852 $tCELDES_24 856 4 $uhttp://www.altreitalie.it/Pubblicazioni/Rivista/Numeri_Arretrati$4.$zOnline 912 $a990000811140203316 948 $s41.02 949 $aIII.20 958 $aUMA$bIII.20$cn.1(aprile 1989)-N.26-27 (2003); 52 (2016)- 958 $aISLA$bVI.7 Per. 202$cA.1, 1989, n.1 ? A.2, 1990, n. 4; 959 $aSE 969 $aUMA 979 $aPATTY$b90$c20011220$lUSA01$h1011 979 $aPATTY$b90$c20020301$lUSA01$h1753 979 $aPATTY$b90$c20020314$lUSA01$h0903 979 $c20020403$lUSA01$h1727 979 $aPATRY$b90$c20040406$lUSA01$h1656 979 $aVITTORIANA$b90$c20111114$lUSA01$h1225 996 $aAltreItalie$9619029 997 $aUNISA Z30 2$lUSA50$LAdministrative$mISSBD$1UMA$AUMA$3Per XV 38$5B824$820020919$a2001$c22$f09$FNON Prestabile$hN.22-23 (2001)$i20011228$j20010827$k20020314 Z30 2$lUSA50$LAdministrative$mISSUE$1UMA$AUMA$3Per XV 38$5128775-40$820021014$a2002$b2002$c24$f09$FNON Prestabile$hN.24 (2002)$i20020728$j20020827$k20021014 Z30 2$lUSA50$LAdministrative$mISSUE$1UMA$AUMA$3Per XV 38$5128775-50$820021014$a2002$b2002$c25$f09$FNON Prestabile$hN.25 (2002)$i20030128$j20030227$k20030403 Z30 2$lUSA50$LAdministrative$mISSUE$1UMA$AUMA$3Per XV 38$5128775-70$820040312$a2003$b2003$c27$f09$FNON Prestabile$hN.27 (2003)$i20031228$j20040127$k20040312 Z30 2$lUSA50$LAdministrative$mISSUE$1UMA$AUMA$3Per XV 38$6172326$5128775-60$820030403$a2003$b2003$c26$f09$FNON Prestabile$hN.26 (2003)$i20030728$j20030827$k20031117